000 01182nam0a2200349 4500
001 RU\NLR\bibl\353069
005 20260406060154.0
010 _a5-93348-049-5
_91000
021 _aRU
_b2002-50422
_92441
035 _a(NLR Aleph) 000347770
090 _a256661
_c256661
100 _a20021219d2002 |||y0rusy50 ca
101 0 _arus
102 _aRU
105 _aa |||||||||
200 1 _aОлимп
_eХроники-2
_fБ. В. Пилат
210 _aМ.
_cАвваллон
_d2002
215 _a349 с.
_cил.
_d20
225 1 _aМифология
606 0 _aМифы древнегреческие
_91035169
_3RU\NLR\auth\66397705
610 0 _aМифы древнегреческие (х. л.)
675 _a821.161.1-31Пилат
_v3
_zrus
686 _a17.82
_2rugasnti
686 _a84(2Рос-Рус)6-44
_2rubbk
686 _aШ3(0)323-60
700 1 _4070
_8rus
_7ca
_aПилат
_bБ. В.
_f1946-
_gБорис Вольфович
_3RU\NLR\auth\7710438
_9120215
801 0 _aRU
_bRKP
_c20021219
_gPSBO
801 1 _aRU
_bRKP
_c20021219
801 2 _aRU
_bNLR
_c20100324
_grcr
942 _cBOOK
980 _aNB